000 00744nas a2200241 4500
001 BR8803999
003 BR-BrBNA
005 20231205091219.0
007 ta
008 230509b bl.|||p| |||| 00| 00por d
040 _aBR-BrBNA
_bpor
_cBiblioteca Nacional de Agricultura
041 _a(Pt)
072 _aE14; A50
100 1 _aZimmermann, M.J. de O.
100 1 _aSalles Filho, S.L.M.
245 1 _aBiotecnologia: esperanca ou panaceia
246 1 _a[Biotechnology research]
650 _aTECNOLOGIA AGRICOLA
650 _aPESQUISA AGRICOLA
773 0 _tCadernos de Difusao de Tecnologia (Brazil)
_xISSN 0102-1869
_g(Sep-Dec 1986), v. 3(3) p. 445-453
_wBR8803999
909 _a202311
_bLúcia
_c55
_dLúcia Elande
942 _2AGRIS
_n0
_cANA
999 _c123606
_d123606